00481nam a2200157 i 450000100060000000300090000600500170001500700030003200800410003510000280007624500840010426000500018830000290023870000240026785200320029147277ES-MaACL20230906161531.0t|030404s1964 xxu ||||1| eng d1 aCooper, James Fenimore.14aThe prairie / cJames Fenimore Cooper ; with an afterword by John William Ward. a[New York] : bNew American Library, c[1964] aVII, 8-416 p. ; c18 cm.1 aWard, John William. aES-MaACLjC-36206 bR.66132